[Event "Pere Noel U1500"]
[Site "Montreal CAN"]
[Date "2012.12.26"]
[Round "1.40"]
[White "Pietka, Krystyn"]
[Black "Kazi, Manju"]
[Result "1-0"]
[WhiteElo "1070"]
[BlackElo "1330"]
[PlyCount "129"]
[GameId "2160767909411102"]
[EventDate "2012.12.26"]
[EventType "swiss"]
[EventRounds "5"]
[EventCountry "CAN"]
[SourceTitle "hb 2012"]

1. c4 e5 2. Nc3 c6 3. Nf3 d6 4. d3 h6 5. h3 Be6 6. Be3 Nf6 7. Qb3 Qc7 8. g3 Nbd7 9. Bg2 b5 10. Nd2 bxc4 11. dxc4 d5 12. cxd5 cxd5 13. Nxd5 Nxd5 14. Bxd5 Rb8 15. Qd3 Bxd5 16. Qxd5 Rxb2 17. O-O Bd6 18. Rac1 Qb8 19. Nc4 O-O 20. Nxb2 Nf6 21. Qb3 Qa8 22. Bc5 Rb8 23. Qa3 Bxc5 24. Rxc5 Re8 25. Rfc1 e4 26. e3 g5 27. Qc3 Kg7 28. Rc8 Rxc8 29. Qxc8 Qd5 30. Qc4 Qf5 31. Qf1 h5 32. Qg2 a5 33. Rf1 Qb5 34. f3 Nd5 35. Nd1 Qd3 36. fxe4 Ne7 37. Qf3 f5 38. Qxh5 Qxe4 39. Qxg5+ Kf7 40. Nf2 Qe5 41. Qf4 Qh8 42. Kg2 Qb2 43. a4 Ke6 44. e4 Qe2 45. exf5+ Nxf5 46. Qe4+ Qxe4+ 47. Nxe4 Ne3+ 48. Kf2 Nxf1 49. Kxf1 Kd5 50. Nd2 Kc5 51. Nb3+ Kb4 52. Nxa5 Kxa5 53. Ke2 Kxa4 54. Ke3 Kb5 55. Ke4 Kc6 56. Kf5 Kd6 57. Kf6 Kd5 58. g4 Ke4 59. g5 Kf4 60. g6 Kg3 61. g7 Kxh3 62. g8=Q Kh2 63. Kf5 Kh1 64. Kf4 Kh2 65. Kf3 1-0

[Event "Pere Noel U1500"]
[Site "Montreal CAN"]
[Date "2012.12.26"]
[Round "1.41"]
[White "Berthiaume, Yves"]
[Black "Blondin, Bernard"]
[Result "1-0"]
[WhiteElo "1322"]
[BlackElo "881"]
[PlyCount "71"]
[GameId "2160767909411103"]
[EventDate "2012.12.26"]
[EventType "swiss"]
[EventRounds "5"]
[EventCountry "CAN"]
[SourceTitle "hb 2012"]

1. d4 d5 2. c4 e6 3. g3 f5 4. Bg2 c6 5. Nf3 Nf6 6. O-O Be7 7. b3 O-O 8. Bb2 a5 9. a4 Ne4 10. Nbd2 Nd7 11. Rb1 Bb4 12. e3 Ndf6 13. Qc2 c5 14. Rfd1 b6 15. dxc5 Bxc5 16. Bd4 Qc7 17. cxd5 exd5 18. Be5 Nd6 19. Nd4 Qd7 20. Bxf6 Rxf6 21. Bxd5+ Nf7 22. Bxa8 Bb7 23. Bxb7 Qxb7 24. N2f3 h6 25. Qc4 Qe4 26. Qd3 Qd5 27. Qe2 g5 28. Nb5 Qb7 29. Qb2 Kg7 30. Ne5 Qe4 31. Nxf7 Kxf7 32. Rd7+ Kg6 33. Nc3 Bf8 34. Nxe4 fxe4 35. Qe5 Bg7 36. Qxe4+ 1-0

[Event "Pere Noel U1500"]
[Site "Montreal CAN"]
[Date "2012.12.26"]
[Round "1.42"]
[White "Hamelin, Joey"]
[Black "Munshi, Rubayat"]
[Result "0-1"]
[WhiteElo "863"]
[BlackElo "1320"]
[PlyCount "62"]
[GameId "2160767909411104"]
[EventDate "2012.12.26"]
[EventType "swiss"]
[EventRounds "5"]
[EventCountry "CAN"]
[SourceTitle "hb 2012"]

1. e4 Nc6 2. d4 d5 3. Nc3 e6 4. Nf3 Bb4 5. Bd3 Nge7 6. Bd2 a6 7. O-O Bxc3 8. Bxc3 dxe4 9. Bxe4 f5 10. Bxc6+ bxc6 11. Re1 Nd5 12. Qd2 Qd6 13. Ng5 O-O 14. Ba5 h6 15. Nf3 Bb7 16. c4 c5 17. cxd5 Bxd5 18. dxc5 Qc6 19. Re3 Rad8 20. Qc3 Bxf3 21. Rxf3 Rd5 22. Rg3 e5 23. Bb4 a5 24. Ba3 f4 25. Rd3 e4 26. Rxd5 Qxd5 27. Qxa5 Rd8 28. Rf1 f3 29. Qxc7 Qd1 30. h3 Qxf1+ 31. Kxf1 Rd1# 0-1

[Event "Pere Noel U1500"]
[Site "Montreal CAN"]
[Date "2012.12.26"]
[Round "1.46"]
[White "Guan, Zi Yu"]
[Black "Grenier, Marcel jr"]
[Result "1-0"]
[WhiteElo "1011"]
[BlackElo "1252"]
[PlyCount "47"]
[GameId "2160767909411107"]
[EventDate "2012.12.26"]
[EventType "swiss"]
[EventRounds "5"]
[EventCountry "CAN"]
[SourceTitle "EXT 2022"]
[Source "ChessBase"]
[SourceDate "2021.10.06"]
[SourceVersion "1"]
[SourceVersionDate "2021.10.06"]
[SourceQuality "1"]

1. e4 e5 2. Nf3 Nc6 3. Bc4 Bc5 4. c3 Nf6 5. d4 exd4 6. cxd4 Bb4+ 7. Nc3 Nxe4 8. O-O O-O 9. Nxe4 Re8 10. Nc3 Bxc3 11. bxc3 h6 12. Qb3 Qf6 13. Bd2 Na5 14. Qa4 Nxc4 15. Qxc4 c6 16. Rfe1 d5 17. Rxe8+ Kh7 18. Qd3+ Bf5 19. Qe2 Rxe8 20. Qxe8 Be4 21. Ne5 Bg6 22. Nxg6 Qxg6 23. Qe7 Qd3 24. Qe3 1-0

[Event "Pere Noel U1500"]
[Site "Montreal CAN"]
[Date "2012.12.27"]
[Round "2.34"]
[White "Racine, Christian"]
[Black "Liu, Yu Qing"]
[Result "0-1"]
[WhiteElo "1279"]
[BlackElo "1432"]
[PlyCount "68"]
[GameId "2160767909411108"]
[EventDate "2012.12.26"]
[EventType "swiss"]
[EventRounds "5"]
[EventCountry "CAN"]
[SourceTitle "hb 2012"]

1. e4 c5 2. Nf3 a6 3. d4 cxd4 4. Nxd4 Nf6 5. Nc3 e5 6. Nf3 Bb4 7. Bd2 d6 8. Bd3 Qc7 9. a3 Bxc3 10. Bxc3 Nbd7 11. Qe2 O-O 12. O-O Nc5 13. Rad1 Rd8 14. Bb4 Ne6 15. Bd2 b6 16. Bc1 Bb7 17. Bc4 Nxe4 18. Bd5 Bxd5 19. Rxd5 Nf6 20. Rdd1 b5 21. c3 Rac8 22. Ng5 Nc5 23. Be3 Nb7 24. f4 Na5 25. Qc2 Nc4 26. Qf2 h6 27. fxe5 dxe5 28. Nf3 Ng4 29. Rxd8+ Rxd8 30. Qe2 Ngxe3 31. Re1 Qc5 32. Kh1 Ng4 33. h3 Nf2+ 34. Kh2 Nd3 0-1

[Event "Pere Noel U1500"]
[Site "Montreal CAN"]
[Date "2012.12.27"]
[Round "2.35"]
[White "Raduica, Gheorghe"]
[Black "Vlasblom, Vincent"]
[Result "1-0"]
[WhiteElo "1415"]
[BlackElo "1264"]
[PlyCount "56"]
[GameId "2160767909411109"]
[EventDate "2012.12.26"]
[EventType "swiss"]
[EventRounds "5"]
[EventCountry "CAN"]
[SourceTitle "hb 2012"]

1. c4 Nf6 2. d4 g6 3. Nc3 d5 4. cxd5 Nxd5 5. e4 Nxc3 6. bxc3 Bg7 7. Bb5+ c6 8. Bc4 O-O 9. Ne2 c5 10. O-O Nc6 11. Bd5 Na5 12. dxc5 e6 13. Bb3 Qc7 14. Qd6 Qd7 15. Qxd7 Bxd7 16. Nd4 Nxb3 17. axb3 e5 18. Nc2 Bc6 19. Re1 Rfd8 20. Nb4 Bxe4 21. Bg5 f6 22. Bxf6 Bxf6 23. Rxe4 Rac8 24. Rc4 Kf7 25. g3 a6 26. Nc2 Rd2 27. Ne3 Ke6 28. c6 h5 1-0

[Event "Pere Noel U1500"]
[Site "Montreal CAN"]
[Date "2012.12.27"]
[Round "2.36"]
[White "Pietka, Krystyn"]
[Black "Saint-Cyr, Xavier"]
[Result "1-0"]
[WhiteElo "1070"]
[BlackElo "1350"]
[PlyCount "87"]
[GameId "2160767909411110"]
[EventDate "2012.12.26"]
[EventType "swiss"]
[EventRounds "5"]
[EventCountry "CAN"]
[SourceTitle "hb 2012"]

1. c4 e5 2. Nc3 Nf6 3. Qc2 Bc5 4. Nf3 d6 5. h3 Be6 6. d3 Nc6 7. a3 a6 8. Ne4 Nxe4 9. dxe4 h6 10. b4 Ba7 11. e3 O-O 12. Be2 f5 13. g3 Qd7 14. b5 axb5 15. cxb5 Ne7 16. Bc4 Kh8 17. Bxe6 Qxe6 18. Qxc7 fxe4 19. Nd2 Rab8 20. Nxe4 d5 21. Nd2 Qf6 22. O-O e4 23. Rb1 Rfc8 24. Qa5 Bb6 25. Qa4 Ra8 26. Qd1 Qf5 27. Kg2 Ng6 28. Qe2 Ne5 29. f3 Qg6 30. fxe4 dxe4 31. Rf4 Nd3 32. Rg4 Qh7 33. Bb2 Nxb2 34. Rxb2 Rxa3 35. Nc4 Rxc4 36. Qxc4 Qf5 37. Rf4 Qd7 38. Rf8+ Kh7 39. Qxe4+ g6 40. Rbf2 h5 41. R8f7+ Qxf7 42. Rxf7+ Kh8 43. Qe5+ Kg8 44. Qg7# 1-0

[Event "Pere Noel U1500"]
[Site "Montreal CAN"]
[Date "2012.12.27"]
[Round "2.37"]
[White "Breton, Jules"]
[Black "Guan, Zi Yu"]
[Result "1-0"]
[WhiteElo "1346"]
[BlackElo "1011"]
[PlyCount "149"]
[GameId "2160767909411111"]
[EventDate "2012.12.26"]
[EventType "swiss"]
[EventRounds "5"]
[EventCountry "CAN"]
[SourceTitle "hb 2012"]

1. e4 c5 2. Nf3 d6 3. d4 cxd4 4. Nxd4 Nf6 5. Nc3 e5 6. Nb3 Be7 7. Be2 O-O 8. O-O Nc6 9. Be3 Be6 10. h3 d5 11. exd5 Nxd5 12. Qd2 Nxe3 13. Qxe3 Bf6 14. Rad1 Qe7 15. Kh1 Rad8 16. Ne4 Nd4 17. Bd3 Bd5 18. f3 Nf5 19. Nxf6+ Qxf6 20. Bxf5 Qxf5 21. c3 Bc4 22. Rfe1 Rxd1 23. Rxd1 Re8 24. Nd4 Qd7 25. Re1 Bxa2 26. Nc2 Qf5 27. Nb4 Bc4 28. Qxa7 b5 29. Re4 Rd8 30. Re1 Qg5 31. Qc7 Rd2 32. Qb8+ Rd8 33. Qxe5 Qxe5 34. Rxe5 Rd1+ 35. Kh2 h6 36. b3 Bxb3 37. Rxb5 Rc1 38. Rc5 g5 39. Nc6 Kg7 40. Nd4 Be6 41. Rc6 Bd5 42. Nf5+ Kh8 43. Rxh6+ Kg8 44. Rd6 Be6 45. Nd4 Rxc3 46. Nxe6 fxe6 47. Rxe6 Kf7 48. Rd6 Ke7 49. Rg6 Rc5 50. Kg3 Kf7 51. Ra6 Rc4 52. Rd6 Kg7 53. Re6 Kf7 54. Re4 Rxe4 55. fxe4 Kf6 56. Kg4 Kg6 57. e5 Kh6 58. e6 Kg6 59. e7 Kf7 60. Kxg5 Kxe7 61. Kg6 Kf8 62. Kh7 Kf7 63. h4 Kf6 64. g4 Kf7 65. g5 Ke6 66. g6 Kf5 67. g7 Kg4 68. g8=Q+ Kxh4 69. Kh6 Kh3 70. Kh5 Kh2 71. Qg4 Kh1 72. Kh4 Kh2 73. Qe2+ Kh1 74. Kh3 Kg1 75. Qg2# 1-0

[Event "Pere Noel U1500"]
[Site "Montreal CAN"]
[Date "2012.12.27"]
[Round "2.38"]
[White "Mihailov, Dmitrii"]
[Black "Yip, Mattew"]
[Result "1/2-1/2"]
[WhiteElo "825"]
[BlackElo "1339"]
[PlyCount "53"]
[GameId "2160767909411112"]
[EventDate "2012.12.26"]
[EventType "swiss"]
[EventRounds "5"]
[EventCountry "CAN"]
[SourceTitle "EXT 2022"]
[Source "ChessBase"]
[SourceDate "2021.10.06"]
[SourceVersion "1"]
[SourceVersionDate "2021.10.06"]
[SourceQuality "1"]

1. e4 c5 2. Nf3 d6 3. Nc3 Nc6 4. Bc4 Nf6 5. d3 e6 6. Bb3 Be7 7. O-O O-O 8. Be3 Bd7 9. Re1 a6 10. Bf4 Nh5 11. Be3 Nf6 12. Ba4 b5 13. Bb3 Rb8 14. Rb1 Re8 15. a3 Na5 16. Ba2 Nc6 17. Qc1 Qc7 18. b3 d5 19. Bf4 e5 20. Bg3 d4 21. Nd5 Qd6 22. b4 Bd8 23. Qd2 a5 24. bxc5 Qxc5 25. a4 Nh5 26. Qc1 Nxg3 27. fxg3 1/2-1/2

[Event "Pere Noel U1500"]
[Site "Montreal CAN"]
[Date "2012.12.27"]
[Round "2.41"]
[White "Leblanc-Legault, Mathieu"]
[Black "Kazi, Manju"]
[Result "0-1"]
[WhiteElo "1474"]
[BlackElo "1330"]
[PlyCount "44"]
[GameId "2160767909411115"]
[EventDate "2012.12.26"]
[EventType "swiss"]
[EventRounds "5"]
[EventCountry "CAN"]
[SourceTitle "hb 2012"]

1. c4 e5 2. Nc3 c6 3. Nf3 d6 4. g3 Nf6 5. d3 Be7 6. Bg2 Bg4 7. O-O Qd7 8. a3 h5 9. Bg5 Bh3 10. Ne1 Bxg2 11. Nxg2 Ng8 12. Qc1 f6 13. Bd2 g5 14. h4 Qh3 15. hxg5 Nd7 16. e4 fxg5 17. Bxg5 Ngf6 18. Ne3 Ng4 19. Nxg4 hxg4 20. Bh4 Bxh4 21. Qe3 Bxg3 22. Qxg3 Qh1# 0-1

[Event "Pere Noel U1500"]
[Site "Montreal CAN"]
[Date "2012.12.27"]
[Round "2.46"]
[White "Yamagami, Tadashi"]
[Black "Grandmaison, Real"]
[Result "1-0"]
[WhiteElo "1084"]
[BlackElo "1092"]
[PlyCount "79"]
[GameId "2160767909411116"]
[EventDate "2012.12.26"]
[EventType "swiss"]
[EventRounds "5"]
[EventCountry "CAN"]
[SourceTitle "EXT 2022"]
[Source "ChessBase"]
[SourceDate "2021.10.06"]
[SourceVersion "1"]
[SourceVersionDate "2021.10.06"]
[SourceQuality "1"]

1. e4 e5 2. Nf3 Nc6 3. Bc4 Be7 4. Nc3 Nf6 5. d3 O-O 6. Bg5 d6 7. Bxf6 Bxf6 8. O-O g6 9. h3 Ne7 10. d4 exd4 11. Nxd4 c6 12. Nf3 Qc7 13. Bb3 Be6 14. Qd2 Rad8 15. Ng5 Bxb3 16. axb3 a6 17. g3 Kg7 18. Kg2 h6 19. Nf3 d5 20. e5 Bxe5 21. Nxe5 Qxe5 22. f4 Qf6 23. g4 Qd6 24. Qd4+ Kh7 25. Rae1 Ng8 26. g5 h5 27. f5 c5 28. Qe5 Rfe8 29. Qxd6 Rxd6 30. Rxe8 Kg7 31. f6+ Kh7 32. h4 b5 33. Rf8 Rd7 34. Re1 d4 35. Ree8 Nxf6 36. gxf6 g5 37. Ne4 Kg6 38. Re5 d3 39. Rxg5+ Kh6 40. Rh8# 1-0

[Event "Pere Noel U1500"]
[Site "Montreal CAN"]
[Date "2012.12.28"]
[Round "3.34"]
[White "Liu, Yu Qing"]
[Black "Breton, Jules"]
[Result "1-0"]
[WhiteElo "1432"]
[BlackElo "1346"]
[PlyCount "75"]
[GameId "2160767909411117"]
[EventDate "2012.12.26"]
[EventType "swiss"]
[EventRounds "5"]
[EventCountry "CAN"]
[SourceTitle "hb 2012"]

1. e4 e6 2. d4 d5 3. Nc3 Bb4 4. e5 Ne7 5. a3 Ba5 6. Nf3 h6 7. Be2 Nd7 8. O-O O-O 9. Bf4 a6 10. Nd2 c5 11. Nb3 b5 12. Nxa5 Qxa5 13. dxc5 Nxc5 14. b4 Qc7 15. bxc5 Qxc5 16. Qd2 Bb7 17. Be3 Qc6 18. Bf3 Rfd8 19. Ne2 Rac8 20. Nd4 Qe8 21. c3 Rd7 22. Be2 Rdc7 23. Rac1 Nc6 24. f4 Na5 25. Bd3 Nc4 26. Qf2 Nxa3 27. Bd2 Nc4 28. Bxc4 dxc4 29. Qg3 Be4 30. f5 Kh8 31. f6 g5 32. Qh3 Qf8 33. Bxg5 Kh7 34. Rf4 Bg6 35. Bxh6 Qxh6 36. Rh4 Qxh4 37. Qxh4+ Kg8 38. Qh6 1-0

[Event "Pere Noel U1500"]
[Site "Montreal CAN"]
[Date "2012.12.28"]
[Round "3.35"]
[White "Munshi, Rubayat"]
[Black "Raduica, Gheorghe"]
[Result "1-0"]
[WhiteElo "1320"]
[BlackElo "1415"]
[PlyCount "93"]
[GameId "2160767909411118"]
[EventDate "2012.12.26"]
[EventType "swiss"]
[EventRounds "5"]
[EventCountry "CAN"]
[SourceTitle "hb 2012"]

1. f4 Nf6 2. Nf3 d6 3. h3 Nc6 4. Nc3 Nh5 5. d4 Ng3 6. Rg1 Nxf1 7. Rxf1 e6 8. e4 Be7 9. Be3 Bh4+ 10. Bf2 Bxf2+ 11. Kxf2 Qf6 12. Qd2 Bd7 13. d5 Ne7 14. e5 Qh6 15. exd6 cxd6 16. dxe6 Qxe6 17. Rae1 Qh6 18. Nd5 O-O 19. Rxe7 Bc6 20. Kg1 Bxd5 21. Qxd5 Qf6 22. Rxb7 Qxf4 23. Rc7 Qf6 24. Rd7 Qxb2 25. Ng5 Qe5 26. Qxe5 dxe5 27. Nxf7 e4 28. Re7 e3 29. Nd6 Rad8 30. Rxf8+ Kxf8 31. Re8+ Rxe8 32. Nxe8 Kxe8 33. Kf1 Ke7 34. Ke2 Ke6 35. Kxe3 Ke5 36. g3 g5 37. g4 h6 38. c4 a6 39. a3 a5 40. a4 Kd6 41. Kd4 Kc6 42. c5 Kc7 43. Kd5 Kd7 44. c6+ Kc8 45. Kd6 Kd8 46. Kc5 Kc7 47. Kb5 1-0

[Event "Pere Noel U1500"]
[Site "Montreal CAN"]
[Date "2012.12.28"]
[Round "3.36"]
[White "Gonzalez, Jesus"]
[Black "Pietka, Krystyn"]
[Result "0-1"]
[WhiteElo "1438"]
[BlackElo "1070"]
[PlyCount "76"]
[GameId "2160767909411119"]
[EventDate "2012.12.26"]
[EventType "swiss"]
[EventRounds "5"]
[EventCountry "CAN"]
[SourceTitle "hb 2012"]

1. f4 d5 2. d4 Bf5 3. Be3 e6 4. Nd2 Nc6 5. Ngf3 Nb4 6. c3 Nc2+ 7. Kf2 Nxa1 8. Qxa1 Nf6 9. h3 Ne4+ 10. Nxe4 Bxe4 11. h4 h5 12. Qd1 Be7 13. g3 f6 14. Rg1 Bf5 15. Qb3 Rb8 16. Qa4+ c6 17. Qxa7 b5 18. b4 Ra8 19. Qb7 Qc8 20. Qxc8+ Rxc8 21. Bc1 Rg8 22. Nd2 g5 23. hxg5 fxg5 24. Rh1 gxf4 25. gxf4 Rh8 26. Nf3 Be4 27. Rh2 Bxf3 28. Kxf3 Kd7 29. e4 h4 30. Bh3 Kc7 31. Re2 Rce8 32. Bxe6 h3 33. f5 h2 34. Bf4+ Bd6 35. Bxh2 Bxh2 36. f6 Kd6 37. f7 Rxe6 38. Rxh2 Rf6+ 0-1

[Event "Pere Noel U1500"]
[Site "Montreal CAN"]
[Date "2012.12.28"]
[Round "3.37"]
[White "Yip, Mattew"]
[Black "Demers, Claude"]
[Result "1-0"]
[WhiteElo "1339"]
[BlackElo "1200"]
[PlyCount "45"]
[GameId "2160767909411120"]
[EventDate "2012.12.26"]
[EventType "swiss"]
[EventRounds "5"]
[EventCountry "CAN"]
[SourceTitle "hb 2012"]

1. d4 Nf6 2. c4 e6 3. Nc3 d5 4. Nf3 c6 5. Bg5 h6 6. Bh4 Be7 7. cxd5 cxd5 8. e3 O-O 9. Bd3 Nbd7 10. O-O b6 11. Rc1 Bb7 12. Re1 a5 13. Qe2 Re8 14. Bb5 Rc8 15. Ne5 Rf8 16. Na4 Nxe5 17. dxe5 Ne4 18. Bxe7 Qxe7 19. Nxb6 Rc5 20. f3 Rxc1 21. Rxc1 Nc5 22. Qd2 Qc7 23. Na4 1-0

[Event "Pere Noel U1500"]
[Site "Montreal CAN"]
[Date "2012.12.28"]
[Round "3.38"]
[White "Berthiaume, Yves"]
[Black "Saint-Cyr, Xavier"]
[Result "0-1"]
[WhiteElo "1322"]
[BlackElo "1350"]
[PlyCount "124"]
[GameId "2160767909411121"]
[EventDate "2012.12.26"]
[EventType "swiss"]
[EventRounds "5"]
[EventCountry "CAN"]
[SourceTitle "hb 2012"]

1. d4 d5 2. c4 e6 3. g3 b6 4. Bg2 Bb7 5. Nf3 Nf6 6. O-O Nbd7 7. Nbd2 c5 8. e3 Be7 9. b3 O-O 10. Bb2 Re8 11. Rc1 Nb8 12. Ne5 Nfd7 13. Re1 Nxe5 14. dxe5 Nc6 15. Nf3 dxc4 16. Rxc4 Qxd1 17. Rxd1 Red8 18. Rcc1 Na5 19. Nd2 Bxg2 20. Kxg2 Rd5 21. Ne4 Rad8 22. Nd6 Bxd6 23. Rxd5 exd5 24. exd6 Rxd6 25. Be5 Rd7 26. b4 Nc4 27. Ba1 cxb4 28. e4 b5 29. Rd1 Nb6 30. Rd4 a5 31. Bb2 Kf8 32. e5 Ke7 33. Ba1 Ke6 34. Rg4 g6 35. h4 Nc4 36. h5 Nxe5 37. Rd4 Nc6 38. Rd1 d4 39. hxg6 hxg6 40. Re1+ Kd5 41. Rd1 Kc5 42. Rc1+ Kb6 43. Rd1 a4 44. Rd3 Kc5 45. Rd1 Re7 46. Kf1 f5 47. Rd3 g5 48. Bb2 g4 49. Ba1 Kc4 50. Rd1 Kd5 51. Bb2 Re4 52. Bc1 Ne5 53. Bh6 d3 54. Bf8 b3 55. axb3 axb3 56. Bg7 Kc4 57. Rc1+ Kb4 58. Bf8+ Ka5 59. Ba3 Nc4 60. Rd1 Nxa3 61. Rxd3 b2 62. Rxa3+ Kb4 0-1

[Event "Pere Noel U1500"]
[Site "Montreal CAN"]
[Date "2012.12.28"]
[Round "3.39"]
[White "Kazi, Manju"]
[Black "Charbonneau, Olivier"]
[Result "1-0"]
[WhiteElo "1330"]
[BlackElo "1173"]
[PlyCount "49"]
[GameId "2160767909411122"]
[EventDate "2012.12.26"]
[EventType "swiss"]
[EventRounds "5"]
[EventCountry "CAN"]
[SourceTitle "hb 2012"]

1. e4 e5 2. Nf3 Nc6 3. c3 Nf6 4. Qc2 Bc5 5. h3 d6 6. Bb5 Bd7 7. Be2 O-O 8. d3 h6 9. a4 a5 10. Nbd2 Nh7 11. Nf1 Qf6 12. Bd2 Ne7 13. g4 Ng6 14. Ng3 Nh4 15. Nf5 Nxf5 16. gxf5 d5 17. Rg1 dxe4 18. dxe4 Bc6 19. Rg2 Qd6 20. Bc4 Rad8 21. Rg6 Qxg6 22. fxg6 Nf6 23. Bxf7+ Kh8 24. Nxe5 Bxe4 25. Qc1 1-0

[Event "Pere Noel U1500"]
[Site "Montreal CAN"]
[Date "2012.12.28"]
[Round "3.42"]
[White "Vlasblom, Vincent"]
[Black "Tinica, Sabina"]
[Result "0-1"]
[WhiteElo "1264"]
[BlackElo "1106"]
[PlyCount "42"]
[GameId "2160767909411124"]
[EventDate "2012.12.26"]
[EventType "swiss"]
[EventRounds "5"]
[EventCountry "CAN"]
[SourceTitle "hb 2012"]

1. e4 c5 2. Nf3 d6 3. d4 cxd4 4. Nxd4 Nf6 5. Nc3 g6 6. Be3 Bg7 7. f3 O-O 8. Qd2 Bd7 9. Bc4 a6 10. Bb3 b5 11. h4 Nc6 12. O-O-O b4 13. Nce2 a5 14. h5 a4 15. Bd5 Nxd5 16. Nxc6 Bxc6 17. exd5 Bd7 18. Qxb4 Rb8 19. Qh4 Bxb2+ 20. Kd2 Qa5+ 21. Kd3 Qxd5+ 0-1

[Event "Pere Noel U1500"]
[Site "Montreal CAN"]
[Date "2012.12.28"]
[Round "3.43"]
[White "Montreuil, Carl"]
[Black "Yamagami, Tadashi"]
[Result "1-0"]
[WhiteElo "1202"]
[BlackElo "1084"]
[PlyCount "33"]
[GameId "2160767909411125"]
[EventDate "2012.12.26"]
[EventType "swiss"]
[EventRounds "5"]
[EventCountry "CAN"]
[SourceTitle "hb 2012"]

1. e4 e5 2. Nf3 d6 3. h3 a6 4. Bc4 h6 5. d4 exd4 6. O-O Be6 7. Bd3 Nc6 8. c3 Qf6 9. cxd4 Nxd4 10. Qa4+ Nc6 11. Re1 O-O-O 12. Bxa6 bxa6 13. Qxc6 Ne7 14. Qxa6+ Kd7 15. e5 Qg6 16. exd6 Bxh3 17. Ne5+ 1-0

[Event "Pere Noel U1500"]
[Site "Montreal CAN"]
[Date "2012.12.28"]
[Round "3.44"]
[White "Guan, Zi Yu"]
[Black "Mihailov, Dmitrii"]
[Result "0-1"]
[WhiteElo "1011"]
[BlackElo "825"]
[PlyCount "133"]
[GameId "2160767909411126"]
[EventDate "2012.12.26"]
[EventType "swiss"]
[EventRounds "5"]
[EventCountry "CAN"]
[SourceTitle "EXT 2022"]
[Source "ChessBase"]
[SourceDate "2021.10.06"]
[SourceVersion "1"]
[SourceVersionDate "2021.10.06"]
[SourceQuality "1"]

1. e4 e5 2. Nf3 Nc6 3. Bc4 Bc5 4. c3 Nf6 5. d4 Bb6 6. dxe5 Nxe4 7. Qd5 O-O 8. Qxe4 Ne7 9. O-O d5 10. exd6 cxd6 11. Bg5 Re8 12. Bxe7 Rxe7 13. Qh4 Bf5 14. Nbd2 Qc7 15. Rfe1 Ree8 16. Bb5 Rf8 17. Re7 Qc5 18. Nd4 d5 19. Nxf5 Qxb5 20. Qg5 g6 21. Nh6+ Kg7 22. Nf3 Qxb2 23. Nf5+ Kg8 24. Rf1 Qxc3 25. Nh6+ Kg7 26. Nf5+ Kg8 27. Rxb7 Rfc8 28. Ne7+ Kg7 29. Nxc8 Rxc8 30. Qe5+ Qxe5 31. Nxe5 h5 32. Rxf7+ Kh6 33. Rf6 Kg5 34. Rxg6+ Kf5 35. Re1 Re8 36. Rh6 Ba5 37. Rxh5+ Ke6 38. Rc1 Bd2 39. Rc6+ Ke7 40. Rh7+ Kd8 41. Rcc7 Rxe5 42. Rhd7+ Ke8 43. h3 Re1+ 44. Kh2 Bf4+ 45. g3 Bxc7 46. Rxc7 Kd8 47. Rxa7 Re2 48. Kg2 d4 49. Ra3 Rd2 50. h4 d3 51. Kf3 Ke7 52. Ke3 Re2+ 53. Kxd3 Rxf2 54. h5 Rf3+ 55. Kc4 Rxa3 56. h6 Ra8 57. Kb3 Rh8 58. a4 Rxh6 59. Kb4 Rh5 60. a5 Kd7 61. g4 Rg5 62. Ka4 Kc7 63. Kb4 Kb7 64. Kc4 Ka6 65. Kd4 Rxg4+ 66. Kc5 Kxa5 67. Kc6 0-1

[Event "Pere Noel U1500"]
[Site "Montreal CAN"]
[Date "2012.12.28"]
[Round "3.45"]
[White "Jomphe, Denis"]
[Black "Leblanc-Legault, Mathieu"]
[Result "1/2-1/2"]
[WhiteElo "1272"]
[BlackElo "1474"]
[PlyCount "100"]
[GameId "2160767909411128"]
[EventDate "2012.12.26"]
[EventType "swiss"]
[EventRounds "5"]
[EventCountry "CAN"]
[SourceTitle "hb 2012"]

1. e4 c6 2. d4 d5 3. e5 Bf5 4. Bd3 Bg6 5. Nf3 e6 6. a3 Nd7 7. Nbd2 Bxd3 8. cxd3 Qc7 9. Nb3 b6 10. Bd2 h6 11. Rc1 O-O-O 12. a4 a5 13. Qc2 Ne7 14. Ng1 f5 15. Ne2 Kb7 16. Nf4 Nxe5 17. Nxe6 Nf3+ 18. gxf3 Qd6 19. Nxd8+ Qxd8 20. Bf4 Qe8 21. Qe2 Qd7 22. h4 Ng6 23. Be5 Bb4+ 24. Kd1 Re8 25. Qe3 f4 26. Qe2 Qf5 27. Qc2 Re6 28. Bxg7 Nxh4 29. Nd2 Nxf3 30. Nxf3 Qg4 31. Qb3 Qxf3+ 32. Kc2 Re2+ 33. Kb1 Qxf2 34. Bxh6 Qxd4 35. Rc2 f3 36. Rf1 Re1+ 37. Rxe1 Bxe1 38. Rc1 f2 39. Qc2 c5 40. Qe2 Ka6 41. Bd2 f1=Q 42. Qxf1 Bxd2 43. Rc2 Bf4 44. Rf2 Be5 45. Qe2 Qxa4 46. Qxe5 Qd1+ 47. Ka2 Qa4+ 48. Kb1 Qd1+ 49. Ka2 Qa4+ 50. Kb1 Qd1+ 1/2-1/2

[Event "Pere Noel U1500"]
[Site "Montreal CAN"]
[Date "2012.12.28"]
[Round "3.46"]
[White "Blondin, Bernard"]
[Black "Grenier, Marcel jr"]
[Result "0-1"]
[WhiteElo "881"]
[BlackElo "1252"]
[PlyCount "98"]
[GameId "2160767909411129"]
[EventDate "2012.12.26"]
[EventType "swiss"]
[EventRounds "5"]
[EventCountry "CAN"]
[SourceTitle "EXT 2022"]
[Source "ChessBase"]
[SourceDate "2021.10.06"]
[SourceVersion "1"]
[SourceVersionDate "2021.10.06"]
[SourceQuality "1"]

1. d4 Nf6 2. Nf3 g6 3. e3 Bg7 4. Bd3 d5 5. c3 O-O 6. b3 Bg4 7. Be2 Bxf3 8. Bxf3 Re8 9. O-O c6 10. Re1 Na6 11. b4 Nc7 12. Bb2 Ne4 13. Qc2 f5 14. c4 e6 15. Bxe4 fxe4 16. Nd2 e5 17. f4 exf3 18. Nxf3 e4 19. Ne5 Bxe5 20. dxe5 Ne6 21. cxd5 cxd5 22. Rad1 Rc8 23. Qe2 Rc4 24. a3 b5 25. Rc1 Qc7 26. Qd2 Rd8 27. Qf2 Qf7 28. Qf6 Qxf6 29. exf6 Kf7 30. Rf1 Rdc8 31. Rfd1 Rxc1 32. Bxc1 Rc2 33. h4 Kxf6 34. Rf1+ Ke5 35. Kh2 a6 36. Kh3 h5 37. g4 hxg4+ 38. Kg3 d4 39. exd4+ Nxd4 40. Kxg4 Nf3 41. Bf4+ Ke6 42. Rh1 Rc3 43. Rd1 Ne5+ 44. Kg5 Rd3 45. Bxe5 Rxd1 46. Bf4 Rg1+ 47. Kh6 Kf5 48. Bg5 Rxg5 49. hxg5 e3 0-1

[Event "Pere Noel U1800"]
[Site "Montreal CAN"]
[Date "2012.12.26"]
[Round "1.15"]
[White "Robert-Ouimet, Jean-Simon"]
[Black "Ma, Indy"]
[Result "0-1"]
[WhiteElo "963"]
[BlackElo "1700"]
[PlyCount "86"]
[GameId "2160767909411131"]
[EventDate "2012.12.26"]
[EventType "swiss"]
[EventRounds "5"]
[EventCountry "CAN"]
[SourceTitle "EXT 2022"]
[Source "ChessBase"]
[SourceDate "2021.10.06"]
[SourceVersion "1"]
[SourceVersionDate "2021.10.06"]
[SourceQuality "1"]

1. e4 c5 2. c3 d6 3. d4 cxd4 4. cxd4 Nf6 5. Nc3 e6 6. Nf3 Be7 7. Bd3 Nc6 8. O-O O-O 9. Re1 Qb6 10. Bc2 Rd8 11. d5 Nb4 12. Be3 Qa6 13. a3 Nxc2 14. Qxc2 e5 15. Qe2 Qxe2 16. Rxe2 Bg4 17. Rc2 Rdc8 18. Nd2 Be2 19. Nb3 Bd3 20. Rd2 Bxe4 21. f3 Bf5 22. Na5 Bd7 23. Ne4 Nxe4 24. fxe4 b6 25. Nb3 Rc4 26. Nc1 Rxe4 27. Bf2 Rc8 28. Ne2 Bg5 29. Ng3 Rec4 30. Rdd1 f5 31. Re1 Rc2 32. b4 Rd2 33. Be3 Bxe3+ 34. Rxe3 Rcc2 35. Nf1 Rxg2+ 36. Kh1 f4 37. Ree1 f3 38. Rec1 Bh3 39. Rxc2 Rxc2 40. Ne3 Re2 41. Rc1 f2 42. Rc8+ Kf7 43. Rc7+ Kg6 0-1